000
00308nam a22001337a 4500
008
170623b xxu||||| |||| 00| 0 eng d
020
_a
9780252068287
041
_a
eng
080
_a
94
100
_a
21
101
_a
SHP
245
_a
THE WILLAGE ENLIGHTENMENT IN AMERICA
_c
HAZEN.C.J
942
_2
udc
_c
BK
999
_c
18951
_d
18951